000 00529nam a2200169 4500
001 108865
003 ES-MaACL
005 20230906184727.0
007 t|
008 061121s1971 sp r ||||1| spa d
100 1 _aMousset, J.
_983921
245 1 3 _aLa medida de distancias y la poligonación /
_cJ. Mousset; traducción de José A. Puerta Navarro.
260 _aMadrid :
_bParaninfo,
_c1971.
300 _a93 p. :
_bil. ;
_c22 cm.
700 1 _aPuerta Navarro, José Antonio.
_994181
852 _aES-MaACL
_jC-38513
_bR.76313
999 _c108865
_d108865